Pôsobenie a dôsledky hospodárskej krízy zamerané na vybrané odvetvia SR a vybraných krajín EÚ diplomová práca

Gespeichert in:
Bibliographische Detailangaben
1. Verfasser: Balejčíková, Ivana
Körperschaft: Podnikovohospodárska fakulta EU so sídlom v Košiciach. Katedra ekonómie
Weitere Verfasser: Pétrová, Rozália
Format: Buch
Sprache:Slowakisch
Veröffentlicht: Košice 2014
Tags: Tag hinzufügen
Keine Tags, Fügen Sie das erste Tag hinzu!

MARC

LEADER 00000nbm a2200000 4500
001 0187032
005 20240827092848.5
041 0 |a slo 
044 |a SK 
245 1 0 |a Pôsobenie a dôsledky hospodárskej krízy zamerané na vybrané odvetvia SR a vybraných krajín EÚ  |b diplomová práca  |c Ivana Balejčíková ; školiteľ: Rozália Pétrová 
264 1 |a Košice  |c 2014 
300 |a 69 s. 
100 1 |a Balejčíková, Ivana 
700 1 |a Pétrová, Rozália 
710 2 |a Podnikovohospodárska fakulta EU so sídlom v Košiciach. Katedra ekonómie